MARC

LEADER 00000nam0a2200000 4500
001 265986
005 20231101233951.0
035 |a (RuTPU)RU\TPU\book\288988 
035 |a RU\TPU\book\271629 
090 |a 265986 
100 |a 20140702d1986 k y0rusy50 ca 
101 0 |a rus 
102 |a RU 
105 |a a z 001zy 
200 1 |a Совместное различение сигналов и оценка их параметров на фоне помех  |f А. П. Трифонов, Ю. С. Шинаков 
210 |a Москва  |c Радио и связь  |d 1986 
215 |a 264 с.  |c ил. 
225 1 |a Статистическая теория связи  |v Вып. 26 
320 |a с. 254-260. 
320 |a Предметный указатель: с. 260-262. 
606 1 |a Системы связи  |x Помехоустойчивость  |2 stltpush  |3 (RuTPU)RU\TPU\subj\54996  |9 73069 
610 1 |a сигналы 
610 1 |a параметры 
610 1 |a помехи 
610 1 |a методы 
610 1 |a алгоритмы 
610 1 |a обнаружение 
610 1 |a пространственно-временные наблюдения 
675 |a 621.391.8  |v 3 
700 1 |a Трифонов  |b А. П.  |g Андрей Павлович 
701 1 |a Шинаков  |b Ю. С.  |g Юрий Семенович 
801 1 |a RU  |b 63413507  |c 20140205 
801 2 |a RU  |b 63413507  |c 20191120  |g RCR 
942 |c BK